| 000 | 00569nam a2200193 i 4500 | ||
|---|---|---|---|
| 001 | 90017 | ||
| 003 | ES-MaACL | ||
| 005 | 20240601063023.0 | ||
| 007 | t| | ||
| 008 | 050117s1982 sp ||||1| spa d | ||
| 100 | 0 |
_aLázaro, Juan Antonio, _d1929-1986 _970791 |
|
| 245 | 1 | 0 |
_aCanciones en Bardulia / _cJuan Antonio Lázaro. |
| 260 |
_aValladolid : _b[Sever], _c1982 ( _fCuesta) |
||
| 300 |
_a126 p. ; _c22 cm. |
||
| 490 | 1 |
_aRoca caliza ; _v10 |
|
| 830 | 0 |
_aRoca caliza ; _v10 _9184454 |
|
| 852 |
_aES-MaACL _jL-3111 _bR.103682 |
||
| 999 |
_c90017 _d90017 |
||